Normal view
MARC view
- علم الجمال - فلسفة
Entry Topical Term
001 - CONTROL NUMBER
- control field: 57070
003 - CONTROL NUMBER IDENTIFIER
- control field: JO-AjAnu
005 - DATE AND TIME OF LATEST TRANSACTION
- control field: 20230606083340.0
008 - FIXED-LENGTH DATA ELEMENTS
- fixed length control field: 230606|| aca||aabn | a|a d
040 ## - CATALOGING SOURCE
- Original cataloging agency: JO-AjAnu
- Transcribing agency: JO-AjAnu
150 ## - HEADING--TOPICAL TERM
- Topical term or geographic name entry element: علم الجمال - فلسفة
670 ## - SOURCE DATA FOUND
- Source citation: Work cat.: (JO-AjAnu)29120: نوكس، إ؛ تعريب وتقديم محمد شفيق شيا, author 57069, النظريات الجمالية: ( كانط - هيجل- شوبنهاور)